Analytical chemistry / (Record no. 39250)

MARC details
000 -LEADER
fixed length control field 00609nam a22001937a 4500
005 - DATE AND TIME OF LATEST TRANSACTION
control field 20100804141750.0
010 ## - LCCN (DPL NO)
LC control number ENG-98156
020 ## - INTERNATIONAL STANDARD BOOK NUMBER
International Standard Book Number 9789380211367
Terms of availability 65.00
035 ## - SYSTEM CONTROL NUMBER
System control number EN-81689
037 ## - SOURCE OF ACQUISITION
Source of stock number/acquisition DBAD/PUB
082 ## - DEWEY DECIMAL CLASSIFICATION NUMBER
Classification number 543
100 ## - MAIN ENTRY--PERSONAL NAME
Personal name Kalaivani, K.
245 ## - TITLE STATEMENT
Title Analytical chemistry /
Statement of responsibility, etc by K.Kalaivani
260 ## - PUBLICATION, DISTRIBUTION, ETC. (IMPRINT)
Place of publication, distribution, etc Pollachi
Name of publisher, distributor, etc Ethriveliyedu
Date of publication, distribution, etc 2008
270 ## - ADDRESS
Address 305,Police Station Road
City Pollachi
Postal code 642001
300 ## - PHYSICAL DESCRIPTION
Extent 101p.
Dimensions 25cm (pbk)
942 ## - ADDED ENTRY ELEMENTS (KOHA)
Source of classification or shelving scheme Dewey Decimal Classification
Item type English Books
Classification part 543
Call number suffix KAL
Holdings
Withdrawn status Lost status Not for loan Collection code Home library Current library Date acquired Source of acquisition Cost, normal purchase price Full call number Barcode Copy number Cost, replacement price Koha item type
    Not For Loan Non-fiction D.B.Act.Division D.B.Act.Division 04/08/2010 DBAD/PUB 1.00 543 KAL EN-81689 65.00 65.00 English Books

© Delhi Public Library
Hit Counter
free hit counter